Civilizations and Empires - Statistics

General Stats
  • This quiz has been taken 59 times
    55 since last reset
  • The average score is 37 of 76
Answer Stats
Number Answer % Correct
3 Achaemenid Empire
94%
52 Ancient Egypt
90%
2 Roman Empire
90%
23 British Empire
87%
24 French Empire
87%
51 Ottoman Empire
87%
20 Aztec Empire
84%
71 Kievan Rus
84%
68 Spanish Empire
84%
21 Inca Empire
81%
33 Mongol Empire
81%
13 Portuguese Empire
81%
14 Dutch Empire
77%
34 Empire of Japan
77%
56 German Empire
77%
22 Maya Empire
71%
59 Belgian Colonial Empire
68%
42 Han Dynasty
68%
55 Italian Empire
68%
36 Qing Dynasty
68%
26 Russian Empire
68%
6 Assyria
65%
28 Austria-Hungary
65%
5 Babylonia
65%
54 Indus Valley Civilization
65%
35 Korean Empire
61%
32 Macedonian Empire
61%
37 Ming Dynasty
61%
47 Mughal Empire
61%
29 Polish-Lithuanian Commonwealth
61%
57 Swedish Empire
61%
9 Umayyad Caliphate
61%
45 Holy Roman Empire
58%
1 Ancient Greece
55%
63 Empire of Brazil
55%
39 Song Dynasty
52%
27 Soviet Union
52%
15 Danish Empire
48%
58 Norwegian Empire
48%
38 Tang Dynasty
48%
10 Abbasid Caliphate
45%
73 Khmer Empire
45%
64 Mexican Empire
45%
62 Ethiopian Empire
42%
66 Hunnic Empire
39%
11 Rashidun Caliphate
39%
48 Gupta Empire
35%
7 Phoenicia
35%
41 Xi Dynasty
35%
40 Yuan Dynasty
35%
8 Akkadia
32%
74 Ayyubid Sultanate
32%
60 Bulgarian Empire
32%
12 First Turkic Khaganate
32%
72 Tibetan Empire
29%
31 Yugoslavia
29%
4 Golden Horde/ Kipchak Khanate
26%
67 Hittite Empire
26%
16 Kingdom of Denmark
26%
49 Mauryan Empire
26%
25 Nazi Germany
26%
69 Delhi Sultanate
23%
46 Prussia
19%
70 Georgian Empire
16%
17 Iberian Union
16%
75 Sasanian Empire
16%
19 Tongan Empire
16%
50 Ilkhanate
13%
43 Xiongnu Empire
13%
18 Benin Empire
10%
65 Cyprus
10%
76 Timurid Empire
10%
30 Czechoslovakia
6%
61 Mali Empire
6%
53 Western Jin Dynasty
6%
44 Xianbei State
6%
No matching quizzes found
Score Distribution
Percent of People with Each Score
Percentile by Number Answered
Your Score History
You have not taken this quiz since the last reset